| 000 | 00776nam a22002297a 4500 | ||
|---|---|---|---|
| 005 | 20170124105946.0 | ||
| 010 | _aA-777200 | ||
| 020 |
_c00.00 _a706908104 |
||
| 035 | _aA-777200 | ||
| 037 | _bCen Lib/Ret | ||
| 040 |
_aDPL _bEN |
||
| 082 |
_a200 _bCOM |
||
| 245 |
_aComparative religion / _cedited by Amarjit Singh [and] Reinhard Pummer |
||
| 260 |
_aNew Delhi _bVikas Publishing House _c1979 |
||
| 270 |
_a5, ansari road, dariya ganj _bNew Delhi _e110002 |
||
| 300 |
_axiii, 200p. _c21cm(Hb) |
||
| 500 | _aIncludes index | ||
| 650 |
_aPhilosophy and religion--Comparative study _973440 |
||
| 650 |
_a Religion in literature--Comparative study _973441 |
||
| 700 |
_aAmarjit Singh Sethi _cPummer, Reinhard _973442 |
||
| 942 |
_2ddc _cEN _h200 _mCOM |
||
| 999 |
_c124950 _d124950 |
||